Information, randomness and ncompleteness : papers on algorithmic information theory

"Many of Chaitin's results are discussed in a delightful collection of his published articles." JosephFord American Scientist, 1989 "Chaitin advances the cause of truths whose time have come; he is preparing a roadmap to ease our voyage into a truly uncertain future. Those who em...

ver descrição completa

Na minha lista:
Detalhes bibliográficos
Formato: Livro
Idioma:Undetermined
Publicado em: Singapore,New Jersey World Scientific 1987
Assuntos:
Tags: Adicionar Tag
Sem tags, seja o primeiro a adicionar uma tag!
Thư viện lưu trữ: Trung tâm Học liệu Trường Đại học Cần Thơ
LEADER 01126nam a2200205Ia 4500
001 CTU_156828
008 210402s9999 xx 000 0 und d
020 |c 122 
082 |a 511.3 
082 |b C435 
245 0 |a Information, randomness and ncompleteness : 
245 0 |b papers on algorithmic information theory 
245 0 |c by G.J. Chaitin. 
260 |a Singapore,New Jersey 
260 |b World Scientific 
260 |c 1987 
520 |a "Many of Chaitin's results are discussed in a delightful collection of his published articles." JosephFord American Scientist, 1989 "Chaitin advances the cause of truths whose time have come; he is preparing a roadmap to ease our voyage into a truly uncertain future. Those who embark on this great adventure will most assuredly find sustenance in the books reviewed here." JosephFord Foundations of Physics, 1989 
650 |a Electronic data processing,Computer algorithms,Information theory,Xử lý dữ liệu điện tử,Thuật toán máy tính,Lý thuyết thông tin 
904 |i Năm 
980 |a Trung tâm Học liệu Trường Đại học Cần Thơ